Các dịch vụ trắc nghiệm tiêu chuẩn hoá tuyển sinh đại học và sau đại học ở nước ngoài /

সংরক্ষণ করুন:
গ্রন্থ-পঞ্জীর বিবরন
প্রধান লেখক: Lâm Quang Thiệp.
বিন্যাস: প্রবন্ধ
ভাষা:Vietnamese
বিষয়গুলি:
ট্যাগগুলো: ট্যাগ যুক্ত করুন
কোনো ট্যাগ নেই, প্রথমজন হিসাবে ট্যাগ করুন!
Thư viện lưu trữ: Thư viện Trường Đại học Đà Lạt
LEADER 00931nam a2200289 4500
001 DLU090064575
005 ##20090102
040 # # |a DLU  |b vie 
041 # # |a vie 
044 # # |a vn 
100 # # |a Lâm Quang Thiệp. 
245 # # |a Các dịch vụ trắc nghiệm tiêu chuẩn hoá tuyển sinh đại học và sau đại học ở nước ngoài /  |c Lâm Quang Thiệp. 
653 # # |a Đại học 
653 # # |a Dịch vụ 
653 # # |a Tiêu chuẩn hóa 
653 # # |a Trắc nghiệm 
653 # # |a Tuyển sinh 
773 # # |t Hội thảo nâng cao chất lượng đào tạo : Hội thảo toàn quốc lần thứ 2  |g 2001, tr. 184-193 
920 # # |a Phòng Tạp chí -- Trung tâm Thông tin - Thư viện Trường Đại học Đà Lạt 
994 # # |a DLU 
900 # # |a True 
911 # # |a Lê Thị Mạnh Xuân 
925 # # |a G 
926 # # |a A 
927 # # |a BB 
980 # # |a Thư viện Trường Đại học Đà Lạt